Üdítőital vásárlási szokások
| Szerző: | |
|---|---|
| További közreműködők: | |
| Dokumentumtípus: | Diplomadolgozat |
| Kulcsszavak: | élelmiszergazdaság érzelemmérés fogyasztói szokások reklám társadalmi megítélés vásárlás |
| Online Access: | http://dolgozattar.uni-bge.hu/60255 |
MARC
| LEADER | 00000nta a2200000 i 4500 | ||
|---|---|---|---|
| 001 | dolg60255 | ||
| 005 | 20260409150212.0 | ||
| 008 | 260409suuuu hu om 000 hun d | ||
| 040 | |a BGE Dolgozattár Repozitórium |b hun | ||
| 041 | |a hu | ||
| 100 | 1 | |a Nagy Zalán | |
| 245 | 1 | 0 | |a Üdítőital vásárlási szokások |c Nagy Zalán |h [elektronikus dokumentum] |
| 520 | 3 | |a A dolgozat célja az üdítőital-vásárlási és -fogyasztási szokások feltárása, különös tekintettel azokat befolyásoló tényezőkre, mint az árérzékenység, márkahűség, egészségtudatosság, csomagolás, valamint a reklámok és promóciók hatása. A kutatás kvantitatív kérdőíves módszeren alapult, amelynek során statisztikai módszerekkel, köztük Pearson-féle korrelációval elemeztem. Az eredmények alapján világosan azonosíthatók különböző fogyasztói csoportok: tudatos, árérzékeny vásárlók, márkához hű fogyasztók, illetve a kísérletező, újdonságokat kereső fiatalok. A fogyasztói döntések mögött több szignifikáns összefüggés áll, mint például az ár- és akcióérzékenység kapcsolata vagy az egészségtudatosság és a természetes összetevők előnyben részesítése. A dolgozat gyakorlati jelentősége abban áll, hogy azonosítja a célcsoport-specifikus marketingüzenetek és termékjellemzők kialakításához szükséges fogyasztói motivációkat. | |
| 695 | |a élelmiszergazdaság | ||
| 695 | |a érzelemmérés | ||
| 695 | |a fogyasztói szokások | ||
| 695 | |a reklám | ||
| 695 | |a társadalmi megítélés | ||
| 695 | |a vásárlás | ||
| 700 | 1 | |a Dobó Dr. Róbert |e ths | |
| 856 | 4 | 0 | |u http://dolgozattar.uni-bge.hu/60255/1/Nagy_Zalan_Uditoital_vasarlasi_szok%C3%A1sok_Szakdolgozat_2025..pdf |z Dokumentum-elérés |
| 856 | 4 | 0 | |u http://dolgozattar.uni-bge.hu/60255/2/Nagy%20Zala%CC%81n_k.pdf |z Dokumentum-elérés |
| 856 | 4 | 0 | |u http://dolgozattar.uni-bge.hu/60255/3/BA%20KM%20magyar%20b%C3%ADr%C3%A1lati%20lap%20BELS%C5%90%20Nagy%20Zal%C3%A1n%20DR.pdf |z Dokumentum-elérés |